000 01352ngm a22003850a 4500
001 PT12643
003 AR-LpoUNG
005 20210201232314.0
007 co ||u|||uuuuu
008 191001s1997||||ag |||||||||||||||||spa d
020 _a9879217128
040 _aAR-LpoUNG
_bspa
_cAR-LpoUNG
_eaacr
041 _aspa
044 _aag
082 0 _a982.02 58v1
245 1 0 _aHistoria Argentina :
_bdesde la llegada de los españoles hasta 1853
250 _a1º edición
260 _aBuenos Aires :
_bUniversal Soft,
_c1997.
300 _atbls., il., mapas
520 _aEste primer tomo incluye una visión histórica de la Argentina desde la llegada de los primeros españoles hasta 1853. Los primeros pobladores, el nacimiento de la Argentia y su lucha independentista son algunos de los interrogantes que se documentan. Los textos que se presentan están acompañados por mapas, cuadros, fotografías, reproducciones, imágenes, video y audio.
650 4 _aACULTURACION
650 4 _aCOLONIALISMO
650 4 _aCOLONIAS
650 4 _aCULTURA
650 4 _aESPAÑA
650 4 _aGUERRA
650 4 _aHISTORIA SOCIAL
650 4 _aPOBLACION
650 4 _aPOBLACION INDIGENA
650 4 _aPOLITICA
651 4 _aArgentina
710 2 _aUniversal Soft (firma comercial : Buenos Aires)
905 _a12643
942 _cCDDVD
999 _c53309
_d53309